000 01495cam a2200337 a 4500
001 EDZ0000063803
003 StDuBDS
005 20161031105127.0
006 m||||||||d||||||||
007 cr |||||||||||
008 120326s1995 enk fo| 001|0|eng d
020 _a9781446222140 (ebook) :
_cNo price
040 _aStDuBDS
_beng
_cStDuBDS
_epn
049 _aAlfaisal Main Library
050 0 _aHQ1190
_b.E89 1995
082 0 4 _a305.4201
_223
100 1 _aEvans, Judith
_q(Judith A.)
245 1 0 _aFeminist theory today
_h[electronic resource] :
_ban introduction to second-wave feminism /
_cJudith Evans.
260 _aLondon :
_bSAGE,
_c1995.
300 _a1 online resource ([vi], 183 p.)
504 _aIncludes bibliographical references and index.
520 8 _aCovering all the major variants of feminist political thought, this text offers an examination of the archive of modern feminist theory from the publication of 'The Feminine Mystique' in 1963 to current postmodernist and legal feminist texts. It provides both an intellectual history and a political critique of contemporary feminism in the US and in the UK.
521 _aSpecialized.
588 _aDescription based on print version record.
650 0 _aFeminist theory.
655 7 _aElectronic books.
_2local
710 2 _aSage eBooks
776 0 8 _iPrint version :
_z9780803984790
856 4 0 _uhttp://ezproxy.alfaisal.edu/login?url=http://sk.sagepub.com/books/feminist-theory-today
942 _2lcc
_cEBOOKS
999 _c479882
_d479882